| 000 | 00689nam a22001937a 4500 | ||
|---|---|---|---|
| 001 | 114452 | ||
| 003 | DR-UNIBE | ||
| 005 | 20260320115200.0 | ||
| 008 | 260313buuuu uuu||||| |||| 00| 0 spa d | ||
| 040 |
_aBIBLIOTECA UNIBE _cBIBLIOTECA UNIBE _erda |
||
| 041 | _aspa | ||
| 082 | _a342 M533j | ||
| 245 | 0 | 0 |
_aMemorias del seminario de justicia constitucional y derechos humanos : _b homenaje al Dr. Rodolfo E. Piza Escalante |
| 260 |
_a[Lugar de publicación no identificado] : _bInstituto Interamericano de Derechos , _c[Fecha de publicación no identificado] |
||
| 300 | _a463 páginas | ||
| 650 | 7 |
_2lemb _aDerecho constitucional |
|
| 650 | 7 |
_2lemb _aDerechos civiles |
|
| 942 |
_2ddc _cBK |
||
| 999 |
_c114452 _d114452 |
||